[Event "11th LCC FIDE Open 2019"]
[Site "London"]
[Date "2019.12.02"]
[Round "5.1"]
[White "Praggnanandhaa, R."]
[Black "Smirnov, Anton"]
[Result "1/2-1/2"]
[WhiteElo "2586"]
[BlackElo "2573"]
[Annotator "ChessBase"]
[PlyCount "33"]
[EventDate "2019.11.29"]
[EventType "swiss"]
[EventCountry "ENG"]
[SourceTitle "playchess.com"]
[Source "ChessBase"]
[SourceQuality "1"]
[TimeControl "40/5400+30:1800+30"]

1. e4 {[%emt 0:00:00]} e5 {[%emt 0:00:00]} 2. Nf3 {[%emt 0:00:05]} Nf6 {[%emt 0:00:00]} 3. Nxe5 {[%emt 0:00:07]} d6 {[%emt 0:00:00]} 4. Nf3 {[%emt 0:00:05]} Nxe4 {[%emt 0:00:00]} 5. Nc3 {[%emt 0:00:05]} Nxc3 {[%emt 0:00:00]} 6. dxc3 {[%emt 0:00:03]} Be7 {[%emt 0:00:00]} 7. Be3 {[%emt 0:00:06]} O-O {[%emt 0:00:17]} 8. Qd2 {[%emt 0:00:09]} Nd7 {[%emt 0:00:05]} 9. O-O-O {[%emt 0:00:07]} c6 {[%emt 0:00:04]} 10. Kb1 {[%emt 0:01:54]} d5 {[%emt 0:00:24]} 11. h4 {[%emt 0:00:44]} Bc5 {[%emt 0:03:13]} 12. Bg5 {[%emt 0:32:44]} f6 {[%emt 0:16:50]} 13. Bf4 {[%emt 0:08:12]} Ne5 {[%emt 0:05:02]} 14. Re1 {[%emt 0:05:51]} Nxf3 {[%emt 0:12:16]} 15. gxf3 {[%emt 0:00:03]} Bf5 {[%emt 0:00:08]} 16. Bd3 {[%emt 0:04:08]} Qd7 {[%emt 0:01:06]} 17. Be3 {[%emt 0:09:35]} 1/2-1/2

[Event "11th LCC FIDE Open 2019"]
[Site "London"]
[Date "2019.12.02"]
[Round "5.2"]
[White "Gormally, Daniel W"]
[Black "Grover, Sahaj"]
[Result "1/2-1/2"]
[WhiteElo "2491"]
[BlackElo "2508"]
[Annotator "ChessBase"]
[PlyCount "77"]
[EventDate "2019.11.29"]
[EventType "swiss"]
[EventCountry "ENG"]
[SourceTitle "playchess.com"]
[Source "ChessBase"]
[SourceQuality "1"]
[TimeControl "40/5400+30:1800+30"]

1. e4 {[%emt 0:00:00]} e5 {[%emt 0:00:00]} 2. Nf3 {[%emt 0:00:06]} Nc6 {[%emt 0:00:00]} 3. Bb5 {[%emt 0:00:11]} a6 {[%emt 0:00:09]} 4. Ba4 {[%emt 0:00:35]} Nf6 {[%emt 0:00:09]} 5. O-O {[%emt 0:00:32]} Bc5 {[%emt 0:00:05]} 6. c3 {[%emt 0:02:26]} b5 {[%emt 0:00:18]} 7. Bc2 {[%emt 0:01:36]} d5 {[%emt 0:00:07]} 8. d4 {[%emt 0:03:50]} dxe4 {[%emt 0:00:08]} 9. dxc5 {[%emt 0:06:05]} Qxd1 {[%emt 0:05:49]} 10. Bxd1 {[%emt 0:03:26]} exf3 {[%emt 0:00:06]} 11. Bxf3 {[%emt 0:00:04]} e4 {[%emt 0:00:06]} 12. Be2 {[%emt 0:03:25]} Bg4 {[%emt 0:00:13]} 13. f3 {[%emt 0:01:14]} exf3 {[%emt 0:00:25]} 14. gxf3 {[%emt 0:00:05]} Bh3 {[%emt 0:05:18]} 15. Rd1 {[%emt 0:01:29]} O-O {[%emt 0:02:24]} 16. Bg5 {[%emt 0:05:52]} Rfe8 {[%emt 0:05:02]} 17. Kf2 {[%emt 0:02:39]} Nh5 {[%emt 0:04:40]} 18. Nd2 {[%emt 0:08:36]} h6 {[%emt 0:00:27]} 19. Be3 {[%emt 0:00:46]} Re6 {[%emt 0:00:58]} 20. Re1 {[%emt 0:03:02]} Nf6 {[%emt 0:22:19]} 21. Nb3 {[%emt 0:02:42]} Rae8 {[%emt 0:03:05]} 22. Bd2 {[%emt 0:00:56]} Nd7 {[%emt 0:04:33]} 23. Nd4 {[%emt 0:07:09]} Nxd4 {[%emt 0:02:18]} 24. cxd4 {[%emt 0:00:05]} Nf6 {[%emt 0:00:38]} 25. Bd3 {[%emt 0:02:25]} Rd8 {[%emt 0:00:57]} 26. Rxe6 {[%emt 0:01:16]} Bxe6 {[%emt 0:02:26]} 27. Be3 {[%emt 0:01:38]} Bc4 {[%emt 0:03:42]} 28. Bc2 {[%emt 0:02:56]} b4 {[%emt 0:19:41]} 29. a3 {[%emt 0:06:40]} bxa3 {[%emt 0:09:02]} 30. Rxa3 {[%emt 0:00:40]} Nd5 {[%emt 0:02:40]} 31. Bd2 {[%emt 0:03:57]} Rb8 {[%emt 0:01:22]} 32. b3 {[%emt 0:01:43]} Bb5 {[%emt 0:00:01]} 33. Ra1 {[%emt 0:00:42]} Rd8 {[%emt 0:00:59]} 34. Re1 {[%emt 0:00:58]} Kf8 {[%emt 0:00:14]} 35. h4 {[%emt 0:01:26]} Ne7 {[%emt 0:00:18]} 36. Bc3 {[%emt 0:00:22]} Nc6 {[%emt 0:00:32]} 37. Rd1 {[%emt 0:02:07]} Ne7 {[%emt 0:00:37]} 38. Re1 {[%emt 0:04:55]} Nc6 {[%emt 0:03:07]} 39. Rd1 {[%emt 0:00:29]} 1/2-1/2

[Event "11th LCC FIDE Open 2019"]
[Site "London"]
[Date "2019.12.02"]
[Round "5.3"]
[White "Aravindh, Chithambaram Vr"]
[Black "Hebden, Mark L"]
[Result "1-0"]
[WhiteElo "2605"]
[BlackElo "2436"]
[Annotator "ChessBase"]
[PlyCount "67"]
[EventDate "2019.11.29"]
[EventType "swiss"]
[EventCountry "ENG"]
[SourceTitle "playchess.com"]
[Source "ChessBase"]
[SourceQuality "1"]
[TimeControl "40/5400+30:1800+30"]

1. Nf3 {[%emt 0:00:00]} Nf6 {[%emt 0:00:00]} 2. g3 {[%emt 0:00:00]} g6 {[%emt 0:01:54]} 3. b3 {[%emt 0:00:02]} Bg7 {[%emt 0:00:32]} 4. Bb2 {[%emt 0:00:05]} c5 {[%emt 0:02:55]} 5. c4 {[%emt 0:00:27]} d6 {[%emt 0:02:34]} 6. Bg2 {[%emt 0:00:55]} e5 {[%emt 0:00:37]} 7. O-O {[%emt 0:02:13]} O-O {[%emt 0:00:16]} 8. Nc3 {[%emt 0:00:34]} Nc6 {[%emt 0:01:15]} 9. e3 {[%emt 0:01:07]} Re8 {[%emt 0:03:01]} 10. d3 {[%emt 0:00:34]} Rb8 {[%emt 0:01:13]} 11. h3 {[%emt 0:02:07]} a6 {[%emt 0:01:18]} 12. Nd2 {[%emt 0:07:23]} Be6 {[%emt 0:01:56]} 13. Rc1 {[%emt 0:02:57]} Qd7 {[%emt 0:04:04]} 14. Kh2 {[%emt 0:00:20]} b5 {[%emt 0:07:37]} 15. Nde4 {[%emt 0:03:23]} Nxe4 {[%emt 0:10:29]} 16. Nxe4 {[%emt 0:00:08]} f6 {[%emt 0:01:06]} 17. Bc3 {[%emt 0:11:57]} Rbc8 {[%emt 0:06:54]} 18. f4 {[%emt 0:02:55]} b4 {[%emt 0:02:21]} 19. Ba1 {[%emt 0:16:28]} f5 {[%emt 0:02:14]} 20. Ng5 {[%emt 0:00:20]} exf4 {[%emt 0:02:16]} 21. gxf4 {[%emt 0:00:27]} Nd8 {[%emt 0:02:48]} 22. d4 {[%emt 0:03:33]} Nf7 {[%emt 0:01:14]} 23. dxc5 {[%emt 0:02:45]} Nxg5 {[%emt 0:02:02]} 24. c6 {[%emt 0:01:00]} Qe7 {[%emt 0:01:09]} 25. Bxg7 {[%emt 0:00:41]} Ne4 {[%emt 0:06:30]} 26. Ba1 {[%emt 0:03:02]} Rxc6 {[%emt 0:01:42]} 27. Qd4 {[%emt 0:03:22]} Kf8 {[%emt 0:00:57]} 28. Bxe4 {[%emt 0:08:36]} fxe4 {[%emt 0:00:08]} 29. Qh8+ {[%emt 0:00:06]} Bg8 {[%emt 0:00:20]} 30. f5 {[%emt 0:00:08]} g5 {[%emt 0:02:16]} 31. f6 {[%emt 0:00:47]} Qf7 {[%emt 0:00:18]} 32. Rf5 {[%emt 0:05:52]} Rc5 {[%emt 0:00:32]} 33. Rcf1 {[%emt 0:00:14]} Rec8 {[%emt 0:00:22]} 34. Bd4 {[%emt 0:01:08]} 1-0

[Event "11th LCC FIDE Open 2019"]
[Site "London"]
[Date "2019.12.02"]
[Round "5.4"]
[White "Gordon, Stephen J"]
[Black "Makkar, Rajat"]
[Result "1-0"]
[WhiteElo "2505"]
[BlackElo "2125"]
[Annotator "TA"]
[PlyCount "115"]
[EventDate "2019.11.29"]
[EventType "swiss"]
[EventCountry "ENG"]
[SourceTitle "playchess.com"]
[Source "ChessBase"]
[SourceQuality "1"]

{[%evp 11,115,32,29,7,30,25,41,23,42,29,22,25,38,38,35,29,41,47,37,38,40,35,36,37,75,64,74,75,75,75,76,75,75,75,80,65,65,65,66,0,75,0,72,79,76,68,68,70,81,56,71,60,68,-30,110,104,87,24,206,229,219,120,180,179,155,90,200,0,124,111,119,114,172,172,173,173,192,192,302,277,298,253,302,313,313,306,287,290,863,850,842,843,965,965,958,909,958,946,945,945,927,909,29973,29974,29975,29976]} 1. d4 d5 2. c4 c6 3. Nf3 Nf6 4. e3 Bf5 5. Nc3 e6 6. Nh4 Bg6 7. Be2 {D12: Slav Defence: 3 Nf3 Nf6 4 e3 Bf5} (7. Nxg6 hxg6 8. g3 Nbd7 9. Bd2 Bb4 10. Qb3 Ba5 11. cxd5 cxd5 12. Bd3 O-O 13. O-O Qb6 14. Qxb6 Nxb6 15. b3 Rac8 {0-1 (44) Rodshtein,M (2684)-Wang,H (2726) Khanty-Mansiysk 2019}) 7... Nbd7 8. O-O Bd6 9. g3 {White is slightly better.} O-O 10. Nxg6 hxg6 11. Qb3 Qb6 12. Rd1 Rfe8 13. Bd2 $146 ({Predecessor:} 13. Qc2 dxc4 14. Bxc4 Rac8 {1-0 (48) Nguyen,M (2187)-Sharma,D (2335) Bad Wiessee 2009}) 13... dxc4 14. Bxc4 Qxb3 15. Bxb3 b5 16. Be1 a5 17. Bc2 Nb6 18. Ne4 Nxe4 19. Bxe4 Nd5 20. Rac1 Rec8 21. Rc2 Ne7 22. Rdc1 {[%cal Re4c6]} Ra6 23. f4 Kf8 24. Bd3 Raa8 25. Be4 Ra6 $1 26. Bd3 Raa8 $1 27. Kg2 Ke8 28. Kf3 Kd7 29. e4 Rcb8 30. g4 Rc8 31. h4 f5 32. Rg2 (32. Kg3 $14) 32... Rg8 (32... fxe4+ $11 {remains equal.} 33. Bxe4 Rf8) 33. gxf5 $16 gxf5 34. h5 ({White should try} 34. exf5 $16 {aiming for d5!} Nxf5 35. Bxf5 exf5 36. Bf2) 34... Raf8 $2 (34... fxe4+ $11 35. Bxe4 Rgf8) 35. e5 $18 Bc7 36. Bf2 (36. Bh4 $18 {Bxe7 is the strong threat.} Nd5 37. Rgc2) 36... g6 (36... Bd8 $16) 37. Bh4 {Strongly threatening Bxe7.} Nd5 38. hxg6 (38. h6 $142) 38... Bb6 (38... Rg7 $16) 39. Bf2 $2 (39. g7 $18 Rc8 40. Bf2) 39... Rg7 (39... Rh8 $1 $11) 40. Rh1 $36 {[%mdl 2048] White is really pushing.} Rfg8 41. Rh7 Ne7 {[#]} (41... Ke8 $16 {keeps fighting.}) 42. Bh4 $1 $18 {[%cal Rh4f6]} Nxg6 43. Rxg7+ Rxg7 44. Bf6 Rg8 {[#]} (44... Bxd4 $142 45. Bxg7 Nh4+ 46. Kg3 Nxg2) 45. d5 $1 {[%mdl 512]} cxd5 {intending ...Kc6.} 46. Bxb5+ Kc8 47. Rc2+ Bc7 48. Rc6 Nf8 49. Be7 {And now Bd6 would win.} Kd7 $2 (49... Kb8 50. Bxf8 Rxf8 51. Rxe6 Rh8) 50. Bd6 Bxd6 51. exd6 {[%mdl 4096] Endgame KRB-KRN} Rh8 52. Ra6+ {[%mdl 64] Discovered Attack} Kc8 53. Ra8+ Kb7 {[#]} 54. d7 $1 {[%mdl 512]} Rh3+ {[#]} 55. Kg2 $1 {[%mdl 512]} Nxd7 56. Kxh3 Nb8 {[#]} 57. Rxb8+ $1 Kxb8 58. Bd7 {Accuracy: White = 48%, Black = 46%.} 1-0

[Event "11th LCC FIDE Open 2019"]
[Site "London"]
[Date "2019.12.02"]
[Round "5.5"]
[White "Kirk, Ezra G"]
[Black "Petrov, Martin"]
[Result "0-1"]
[WhiteElo "2433"]
[BlackElo "2497"]
[Annotator "ChessBase"]
[PlyCount "56"]
[EventDate "2019.11.29"]
[EventType "swiss"]
[EventCountry "ENG"]
[SourceTitle "playchess.com"]
[Source "ChessBase"]
[SourceQuality "1"]
[TimeControl "40/5400+30:1800+30"]

1. e4 {[%emt 0:01:26]} c5 {[%emt 0:00:00]} 2. Nf3 {[%emt 0:00:07]} d6 {[%emt 0:00:00]} 3. Bb5+ {[%emt 0:00:04]} Nd7 {[%emt 0:00:00]} 4. c3 {[%emt 0:00:15]} Ngf6 {[%emt 0:00:06]} 5. Qe2 {[%emt 0:00:06]} a6 {[%emt 0:00:04]} 6. Ba4 {[%emt 0:00:06]} b5 {[%emt 0:00:07]} 7. Bc2 {[%emt 0:00:06]} Bb7 {[%emt 0:00:04]} 8. d4 {[%emt 0:00:15]} g6 {[%emt 0:00:06]} 9. O-O {[%emt 0:01:32]} Bg7 {[%emt 0:00:04]} 10. Re1 {[%emt 0:03:06]} O-O {[%emt 0:00:57]} 11. e5 {[%emt 0:02:40]} Ne8 {[%emt 0:00:13]} 12. dxc5 {[%emt 0:28:27]} dxe5 {[%emt 0:26:56]} 13. b4 {[%emt 0:01:43]} a5 {[%emt 0:05:07]} 14. Qxb5 {[%emt 0:18:39]} Qc7 {[%emt 0:18:09]} 15. Bg5 {[%emt 0:08:39]} Nef6 {[%emt 0:04:16]} 16. Bxf6 {[%emt 0:06:11]} Nxf6 {[%emt 0:00:43]} 17. Nxe5 {[%emt 0:03:53]} axb4 {[%emt 0:07:59]} 18. cxb4 {[%emt 0:05:10]} Nd5 {[%emt 0:08:09]} 19. c6 {[%emt 0:05:58]} Bxe5 {[%emt 0:00:37]} 20. cxb7 {[%emt 0:05:31]} Rad8 {[%emt 0:00:04]} 21. Bb3 {[%emt 0:02:10]} e6 {[%emt 0:00:53]} 22. Na3 {[%emt 0:02:30]} Bxa1 {[%emt 0:00:09]} 23. Rxa1 {[%emt 0:00:03]} Rb8 {[%emt 0:00:09]} 24. Bxd5 {[%emt 0:01:01]} exd5 {[%emt 0:00:06]} 25. Qd3 {[%emt 0:00:37]} Rxb7 {[%emt 0:00:46]} 26. Nb5 {[%emt 0:00:21]} Qc4 {[%emt 0:01:41]} 27. Qxc4 {[%emt 0:00:05]} dxc4 {[%emt 0:00:03]} 28. a4 {[%emt 0:00:18]} Ra8 {[%emt 0:00:05]} 0-1

[Event "11th LCC FIDE Open 2019"]
[Site "London"]
[Date "2019.12.02"]
[Round "5.7"]
[White "Cox, John J"]
[Black "Moussard, Jules"]
[Result "0-1"]
[WhiteElo "2306"]
[BlackElo "2600"]
[Annotator "ChessBase"]
[PlyCount "64"]
[EventDate "2019.11.29"]
[EventType "swiss"]
[EventCountry "ENG"]
[SourceTitle "playchess.com"]
[Source "ChessBase"]
[SourceQuality "1"]
[TimeControl "40/5400+30:1800+30"]

1. c4 {[%emt 0:00:00]} f5 {[%emt 0:00:00]} 2. g3 {[%emt 0:00:00]} Nf6 {[%emt 0:00:00]} 3. Bg2 {[%emt 0:00:00]} e5 {[%emt 0:00:07]} 4. Nc3 {[%emt 0:00:00]} Bb4 {[%emt 0:00:28]} 5. Qc2 {[%emt 0:07:34]} Nc6 {[%emt 0:00:29]} 6. Nd5 {[%emt 0:09:49]} Nxd5 {[%emt 0:06:02]} 7. cxd5 {[%emt 0:00:34]} Ne7 {[%emt 0:00:32]} 8. Nh3 {[%emt 0:06:31]} O-O {[%emt 0:06:19]} 9. O-O {[%emt 0:01:36]} d6 {[%emt 0:00:49]} 10. d4 {[%emt 0:08:35]} Kh8 {[%emt 0:14:45]} 11. a3 {[%emt 0:02:19]} Ba5 {[%emt 0:06:00]} 12. dxe5 {[%emt 0:15:27]} dxe5 {[%emt 0:00:06]} 13. b4 {[%emt 0:02:21]} Bb6 {[%emt 0:00:04]} 14. Bb2 {[%emt 0:00:07]} Ng6 {[%emt 0:02:59]} 15. e3 {[%emt 0:03:32]} f4 {[%emt 0:04:02]} 16. exf4 {[%emt 0:02:40]} Bf5 {[%emt 0:11:54]} 17. Qd2 {[%emt 0:03:45]} Qd7 {[%emt 0:02:19]} 18. Ng5 {[%emt 0:03:22]} exf4 {[%emt 0:02:17]} 19. Qc3 {[%emt 0:00:40]} Rae8 {[%emt 0:06:38]} 20. Ne6 {[%emt 0:05:27]} Rf7 {[%emt 0:00:19]} 21. Rae1 {[%emt 0:09:15]} fxg3 {[%emt 0:00:54]} 22. hxg3 {[%emt 0:00:09]} Bxe6 {[%emt 0:02:16]} 23. dxe6 {[%emt 0:00:06]} Rxe6 {[%emt 0:00:06]} 24. Bh3 {[%emt 0:04:56]} Rxe1 {[%emt 0:01:33]} 25. Bxd7 {[%emt 0:01:42]} Bxf2+ {[%emt 0:01:00]} 26. Kg2 {[%emt 0:00:09]} Rxf1 {[%emt 0:00:04]} 27. Be6 {[%emt 0:06:46]} Rg1+ {[%emt 0:01:08]} 28. Kh2 {[%emt 0:00:06]} Rxg3 {[%emt 0:01:04]} 29. Qd2 {[%emt 0:01:32]} Rf8 {[%emt 0:02:57]} 30. Bd4 {[%emt 0:03:47]} Nh4 {[%emt 0:02:00]} 31. Bd5 {[%emt 0:00:36]} Nf3+ {[%emt 0:00:23]} 32. Bxf3 {[%emt 0:00:04]} Rgxf3 {[%emt 0:00:03]} 0-1

[Event "11th LCC FIDE Open 2019"]
[Site "London"]
[Date "2019.12.02"]
[Round "5.8"]
[White "Maze, Sebastien"]
[Black "Van Zyl-Rudd, Jack"]
[Result "1-0"]
[WhiteElo "2541"]
[BlackElo "2290"]
[Annotator "ChessBase"]
[PlyCount "31"]
[EventDate "2019.11.29"]
[EventType "swiss"]
[EventCountry "ENG"]
[SourceTitle "playchess.com"]
[Source "ChessBase"]
[SourceQuality "1"]
[TimeControl "40/5400+30:1800+30"]

1. c4 {[%emt 0:00:00]} e6 {[%emt 0:00:02]} 2. Nf3 {[%emt 0:00:00]} d5 {[%emt 0:00:06]} 3. e3 {[%emt 0:00:04]} Nf6 {[%emt 0:00:12]} 4. b3 {[%emt 0:00:11]} b6 {[%emt 0:00:07]} 5. Bb2 {[%emt 0:00:13]} Bb7 {[%emt 0:00:07]} 6. Nc3 {[%emt 0:01:02]} Nbd7 {[%emt 0:07:12]} 7. cxd5 {[%emt 0:00:36]} exd5 {[%emt 0:00:09]} 8. d4 {[%emt 0:04:48]} a6 {[%emt 0:00:13]} 9. g3 {[%emt 0:00:39]} Bd6 {[%emt 0:00:20]} 10. Bg2 {[%emt 0:00:05]} O-O {[%emt 0:00:07]} 11. O-O {[%emt 0:00:03]} Re8 {[%emt 0:02:02]} 12. Nd2 {[%emt 0:04:00]} Rb8 {[%emt 0:10:38]} 13. Re1 {[%emt 0:04:00]} Qe7 {[%emt 0:11:04]} 14. e4 {[%emt 0:19:44]} dxe4 {[%emt 0:03:44]} 15. Ndxe4 {[%emt 0:00:16]} Bb4 {[%emt 0:42:05]} 16. Nxf6+ {[%emt 0:01:22]} 1-0

[Event "11th LCC FIDE Open 2019"]
[Site "London"]
[Date "2019.12.02"]
[Round "5.9"]
[White "Fodor, Tamas Jr"]
[Black "Czerw, Dawid"]
[Result "0-1"]
[WhiteElo "2533"]
[BlackElo "2255"]
[Annotator "TA"]
[PlyCount "124"]
[EventDate "2019.11.29"]
[EventType "swiss"]
[EventCountry "ENG"]
[SourceTitle "playchess.com"]
[Source "ChessBase"]
[SourceQuality "1"]

{[%evp 13,124,18,18,25,19,20,25,18,39,8,58,83,92,60,88,96,84,43,36,23,30,38,26,20,53,43,54,49,87,76,76,75,112,112,116,107,114,110,102,112,104,101,177,177,159,149,150,130,189,208,323,350,417,-302,-295,-331,-241,-261,-256,-264,-245,-258,-252,-271,-261,-271,-248,-239,-239,-241,-243,-240,-241,-252,-250,-235,-216,-276,-295,-332,-327,-309,-315,-507,-522,-602,-593,-580,-558,-697,-695,-689,-515,-689,-687,-664,-656,-624,-623,-617,-617,-572,-568,-1554,-1495,-5150,-4731,-29973,-29972,-29973,-29973,-29971,-29974]} 1. d4 Nf6 2. c4 e6 3. Nf3 d5 4. Nc3 c6 5. e3 a6 6. Qc2 c5 7. cxd5 exd5 8. Be2 {D45: Semi-Slav: 5 e3} Nc6 9. O-O Be6 10. Rd1 {White has an edge.} (10. Ne5 Qc7 11. Nxc6 bxc6 12. e4 dxe4 13. Nxe4 Nxe4 14. Qxe4 Bd6 15. Bf3 O-O 16. Qxc6 Bxh2+ {1-0 (60) Mamedyarov,S (2817)-Shankland,S (2724) Germany 2019}) 10... Nb4 11. Qb1 c4 $146 ({Predecessor:} 11... Qc8 12. Bd2 Bf5 13. Qc1 c4 14. a3 Nd3 15. Bxd3 Bxd3 {1-0 (46) Tomashevsky,E (2710)-Ni,H (2670) Saratov 2011}) 12. Ng5 Be7 13. a3 Nc6 14. e4 Na5 15. exd5 Bxd5 16. Nxd5 Qxd5 17. Bf3 Qd7 18. d5 $36 {[%mdl 2048] White has some pressure.} O-O 19. d6 Bd8 $1 20. Qc2 h6 {aiming for ...Nb3.} 21. Ne4 Nxe4 22. Bxe4 Nb3 23. Rb1 Nxc1 24. Rbxc1 Bf6 25. Qxc4 Rac8 26. Qd5 Rxc1 27. Rxc1 Rc8 (27... Bxb2 $16 28. Rc7 Qd8) 28. Rd1 $18 {Hoping for Bf5.} Rd8 29. b3 Bb2 30. Qa5 Rc8 (30... Bf6 $16 {was necessary.} 31. h3 g6) 31. g3 {Strongly threatening Bf5.} g6 {[#]} (31... Qg4 $142 32. f3 Qg5 33. Qxg5 hxg5) 32. Bxb7 $1 {[%mdl 512]} Rb8 (32... Qxb7 33. d7) 33. Qc7 $4 {[%mdl 8192]} (33. Bxa6 $18 {avoids the disaster. Black must now prevent Qc7.} Kg7 34. Bc4) 33... Rxb7 $19 {[%mdl 64] Double Attack} 34. Qc5 Bf6 35. b4 Kg7 36. Rd3 Rb8 37. Qa5 Qb5 38. Qxb5 axb5 {[%mdl 4096] Endgame KRB-KR} 39. Kg2 Kf8 40. Kf3 Ke8 41. Ke4 Kd7 42. Kd5 {[#] Black should prevent Rf3.} Re8 $1 43. Kc5 Re5+ 44. Kb6 Bg7 45. g4 Bf8 46. f4 Re4 47. Kxb5 Bxd6 ({Much less strong is} 47... Rxf4 48. Kc5 $19) 48. h3 $2 (48. f5 {is a better defense.} Rxg4 49. fxg6) 48... Rxf4 49. Rb3 f5 50. gxf5 gxf5 51. a4 Kc7 52. a5 Kb7 53. Rb2 Re4 54. a6+ Ka7 55. Rg2 Rxb4+ 56. Ka5 Rc4 57. Rg6 Rc6 {( -> ...Bc7+)} 58. Rg7+ Rc7 59. Rg6 Be5 60. Rxh6 Rf7 {Black mates.} 61. Re6 Bc3+ 62. Kb5 f4 {Accuracy: White = 58%, Black = 74%.} 0-1

[Event "11th LCC FIDE Open 2019"]
[Site "London"]
[Date "2019.12.02"]
[Round "5.10"]
[White "Wu, Li"]
[Black "Song, Raymond"]
[Result "0-1"]
[WhiteElo "2293"]
[BlackElo "2468"]
[Annotator "ChessBase"]
[PlyCount "56"]
[EventDate "2019.11.29"]
[EventType "swiss"]
[EventCountry "ENG"]
[SourceTitle "playchess.com"]
[Source "ChessBase"]
[SourceQuality "1"]
[TimeControl "40/5400+30:1800+30"]

1. d4 {[%emt 0:00:00]} d6 {[%emt 0:00:00]} 2. e4 {[%emt 0:00:35]} g6 {[%emt 0:00:00]} 3. c4 {[%emt 0:01:36]} e5 {[%emt 0:00:06]} 4. Nc3 {[%emt 0:06:40]} Nc6 {[%emt 0:04:28]} 5. d5 {[%emt 0:00:24]} Nce7 {[%emt 0:00:32]} 6. g4 {[%emt 0:09:04]} Nf6 {[%emt 0:01:53]} 7. f3 {[%emt 0:02:48]} Bg7 {[%emt 0:00:14]} 8. Be3 {[%emt 0:00:42]} h5 {[%emt 0:00:57]} 9. g5 {[%emt 0:00:21]} Nd7 {[%emt 0:00:07]} 10. h4 {[%emt 0:00:38]} O-O {[%emt 0:00:08]} 11. Nh3 {[%emt 0:02:18]} c6 {[%emt 0:03:46]} 12. c5 {[%emt 0:11:53]} cxd5 {[%emt 0:11:26]} 13. cxd6 {[%emt 0:00:04]} Nc6 {[%emt 0:00:34]} 14. Nxd5 {[%emt 0:04:00]} Nd4 {[%emt 0:00:43]} 15. Rc1 {[%emt 0:02:03]} Nb6 {[%emt 0:02:32]} 16. Nc7 {[%emt 0:07:30]} Bxh3 {[%emt 0:04:39]} 17. Bxh3 {[%emt 0:00:52]} Rb8 {[%emt 0:01:53]} 18. Bxd4 {[%emt 0:00:47]} exd4 {[%emt 0:00:09]} 19. Nb5 {[%emt 0:00:02]} a6 {[%emt 0:00:56]} 20. Nxd4 {[%emt 0:01:03]} Qxd6 {[%emt 0:00:05]} 21. Ne2 {[%emt 0:00:04]} Qb4+ {[%emt 0:02:42]} 22. Qd2 {[%emt 0:02:14]} Qb5 {[%emt 0:00:09]} 23. b3 {[%emt 0:02:44]} Rbd8 {[%emt 0:00:32]} 24. Qc2 {[%emt 0:06:26]} Qa5+ {[%emt 0:01:46]} 25. Kf1 {[%emt 0:00:13]} Rd2 {[%emt 0:00:43]} 26. Qc7 {[%emt 0:01:46]} Qb5 {[%emt 0:02:03]} 27. Re1 {[%emt 0:02:16]} Rfd8 {[%emt 0:00:10]} 28. Rg1 {[%emt 0:07:40]} R8d3 {[%emt 0:03:29]} 0-1

[Event "11th LCC FIDE Open 2019"]
[Site "London"]
[Date "2019.12.02"]
[Round "5.11"]
[White "Flear, Glenn C"]
[Black "Risting, Eivind Olav"]
[Result "1-0"]
[WhiteElo "2463"]
[BlackElo "2298"]
[Annotator "TA"]
[PlyCount "101"]
[EventDate "2019.11.29"]
[EventType "swiss"]
[EventCountry "ENG"]
[SourceTitle "playchess.com"]
[Source "ChessBase"]
[SourceQuality "1"]

{[%evp 9,101,23,51,47,39,38,58,25,35,6,36,51,71,60,74,52,57,60,48,18,27,31,32,34,28,0,41,0,45,48,39,33,37,34,90,41,81,41,39,27,89,-91,71,-76,35,32,46,-33,36,35,69,132,270,268,269,262,249,49,247,-4,0,0,0,0,5,0,220,199,200,208,210,247,481,475,502,500,476,442,438,425,670,509,733,620,621,595,614,587,665,660,719,705,5801,733]} 1. d4 Nf6 2. c4 e6 3. Nf3 d5 4. Nc3 dxc4 5. e4 b5 6. e5 {D24: Queen's Gambit Accepted: 3 Nf3 Nf6 4 Nc3} Nd5 7. Nxb5 Nb6 8. a4 {White is slightly better.} a5 $146 ({Predecessor:} 8... Nc6 9. a5 Ba6 10. Na3 Bb4+ 11. Bd2 c3 12. bxc3 Bxf1 13. axb6 Bxg2 {1-0 (41) Tomashevsky,E (2702)-Alekseenko,K (2650) Konya 2019}) 9. Be2 Nc6 {[%cal Bb8c6,Bc6b4,Bb4a2][%mdl 32]} 10. O-O Be7 11. Be3 Ba6 12. Rc1 Nb4 13. Nd2 $1 ({Of course not} 13. Bxc4 Nxc4 14. Rxc4 c6 $17) 13... c6 14. Nc3 O-O $1 15. Nce4 {[%cal Rd2c4]} Na2 16. Ra1 Nb4 17. Qb1 Qd7 18. Bg5 Bxg5 (18... c3 $5 19. bxc3 Bxe2 20. cxb4 Bxf1 21. bxa5 Nc8 22. Bxe7 Nxe7 $17) 19. Nxg5 {[%csl Gg5][%cal Rb1h7]} f5 20. exf6 $1 gxf6 21. Ngf3 Qd5 (21... c5 $14) 22. Ne4 Rae8 23. Rd1 Kh8 24. Ra3 Re7 (24... Nd3 $11 {remains equal.} 25. Bxd3 cxd3) 25. Nc5 $2 {[#]} (25. Re1 $1 $16) 25... Bc8 $2 (25... c3 $1 $17 {[%mdl 512] stays on course.} 26. Nxa6 (26. Rxc3 Bxe2) 26... c2 {[%mdl 64] Double Attack}) 26. Ne1 (26. Re3 $16 {keeps the pressure on.}) 26... Rg7 (26... e5 $17 27. Bf3 Qf7) 27. Bf3 $14 Qd6 28. Nc2 (28. Qc1 $14) 28... N6d5 (28... e5 $15 29. Ne4 Qe7) 29. Ne3 Nf4 {next ...Nh3+ is good for Black.} 30. Nxc4 Nh3+ (30... Qe7 $16 {was worth a try.}) 31. Kf1 $18 Qxh2 {( -> ...Qg1+)} 32. gxh3 e5 33. dxe5 $2 (33. Nxa5 f5 $19) (33. Ke2 $18) 33... fxe5 $2 {[#]} (33... Nd5 $1 $14) 34. Nd6 $2 ({Better is} 34. Qe4 $1 $18) 34... Bxh3+ 35. Ke2 $1 {aiming for Rh1.} Bg4 {And now ...Qh5 would win.} 36. Nce4 {Hoping for Bxg4.} Rxf3 37. Rxf3 {Black must now prevent Ng3.} Bxf3+ $2 (37... Qf4 $11 {and Black has nothing to worry.} 38. Rdd3 Nxd3 39. Qxd3 h5) 38. Kxf3 {Threatens to win with Ng3.} Qh5+ 39. Ke3 Qh6+ 40. Ke2 Nd5 $2 (40... Qh5+ 41. Kd2 Qh6+ 42. Kc3 Qh3+ 43. Ng3 Nd5+ 44. Kc2 Qg2) 41. Rh1 {White is clearly winning.} Nf4+ 42. Kd2 Qe6 {If only Black now had time for ...Qd5+....} 43. Qc2 Qd5+ 44. Kc1 Qa2 (44... Nd3+ $142 45. Kb1 Nb4) 45. Rd1 Rg2 46. Qc4 Qxc4+ 47. Nxc4 h5 48. Nxe5 h4 49. Kd2 h3 50. Ke3 h2 51. Kxf4 {Played: Rd1-h1} 1-0